| 000 | 00450 a2200181 4500 | ||
|---|---|---|---|
| 005 | 20260212113023.0 | ||
| 008 | 260211b |||||||| |||| 00| 0 eng d | ||
| 020 |
_a9789391973490 _cRs. 2195.00 |
||
| 040 | _aMAIN | ||
| 082 |
_a181.452 _bP259S |
||
| 100 | _aParveen Kumar | ||
| 245 | _aScience of yoga | ||
| 260 |
_bIshika Publishing House _c2025 _aJaipur |
||
| 300 | _aviii, 284 | ||
| 650 | _aYoga | ||
| 650 | _aIndian Philosophy | ||
| 942 | _cBK | ||
| 999 |
_c396127 _d396127 |
||